000 00805cam a2200277 4500500
005 20260329005215.0
041 _afre
042 _adc
100 1 0 _ade Oliveira, Victorine
_eauthor
245 0 0 _a“Lettre sur les aveugles”, de Denis Diderot : les Lumières en toutes lettres
260 _c2022.
500 _a43
690 _aAveugle
690 _aDenis Diderot
690 _aDiderot
690 _aEncyclopédie
690 _aExpérience
690 _aLumières
690 _aMatérialisme
690 _aPerception
690 _aReligion
690 _aSens
690 _aVue
786 0 _nPhilosophie magazine | 164 | 11 | 2022-11-01 | p. 39-40 | 1951-1787
856 4 1 _uhttps://shs.cairn.info/magazine-philosophie-magazine-2022-11-page-39?lang=fr&redirect-ssocas=7080
999 _c1841331
_d1841331